Los CEO con mejor rendimiento en Latinoamerica (Registro nro. 11037)

Detalles MARC
000 -LEADER
fixed length control field 00419 a2200133 4500
001 - CONTROL NUMBER
control field ART_15478
005 - DATE AND TIME OF LATEST TRANSACTION
control field 20260410161615.0
008 - FIXED-LENGTH DATA ELEMENTS--GENERAL INFORMATION
fixed length control field 260409a
100 1# - MAIN ENTRY--PERSONAL NAME
Personal name Ibarra, Herminia
245 10 - TITLE STATEMENT
Title Los CEO con mejor rendimiento en Latinoamerica
700 1# - ADDED ENTRY--PERSONAL NAME
Personal name Hansen, Morten T.
700 1# - ADDED ENTRY--PERSONAL NAME
Personal name Peyer, Urs
773 0# - HOST ITEM ENTRY
Title Harvard Business Review
Related parts El valor de la felicidad - Vol. 90, Nº 3 (mar. 2012)
Record control number REV340

No hay ítems disponibles.